Imago Mundi (Record no. 118820)

MARC details
000 -LEADER
fixed length control field 00722cas a22001815a 4500
001 - CONTROL NUMBER
control field L130963
008 - FIXED-LENGTH DATA ELEMENTS--GENERAL INFORMATION
fixed length control field 050920c1935 gw ar p 0 a0eng u
035 ## - SYSTEM CONTROL NUMBER
System control number (Sirsi) u130963
041 0# - LANGUAGE CODE
Language code of text/sound track or separate title eng
-- ger
245 00 - TITLE STATEMENT
Title Imago Mundi
Remainder of title a Periodical Review of Early Cartography
260 ## - PUBLICATION, DISTRIBUTION, ETC.
Place of publication, distribution, etc. Berlin
Name of publisher, distributor, etc. s.n.
Date of publication, distribution, etc. 1935-
362 ## - DATES OF PUBLICATION AND/OR SEQUENTIAL DESIGNATION
Dates of publication and/or sequential designation (1) 1935-(25) 1971
520 ## - SUMMARY, ETC.
Summary, etc. First issue is published in Berlin and is in German. Subsequent issues are in English, with various places of publication including London (issues 2 and 3), Stockholm (issues 4-7) and Leiden (issues 8-).
554 ## -
-- One per year
651 #4 - SUBJECT ADDED ENTRY--GEOGRAPHIC NAME
Geographic name International
690 ## - LOCAL SUBJECT ADDED ENTRY--TOPICAL TERM (OCLC, RLIN)
Topical term or geographic name as entry element ENVIRONMENTAL AND LAND CONSULTANCY-GEOMATICS-MAPPING AND POSITIONING-CARTOGRAPHY
942 ## - ADDED ENTRY ELEMENTS (KOHA)
Suppress in OPAC 0
Holdings
Withdrawn status Lost status Source of classification or shelving scheme Damaged status Not for loan Home library Current library Shelving location Date acquired Total Checkouts Full call number Barcode Date last seen Price effective from Koha item type
    Dewey Decimal Classification     London London Basement 20/09/2005   IMAGO MUNDI 130963-1001 06/08/2019 06/08/2019 Journal